|
|
|
|
| LEADER |
01233ppm a22002538a 4500 |
| 001 |
00045579 |
| 005 |
20200618150630.0 |
| 008 |
170215s2015 ||||||Viesd |
| 041 |
0 |
# |
|a Vie
|
| 082 |
1 |
4 |
|b KH103TH
|a 428
|
| 100 |
1 |
# |
|a Phan, Thái Anh Thư
|e Chủ nhiệm đề tài
|
| 245 |
1 |
0 |
|b Báo cáo tổng kết đề tài KH&CN cấp cơ sở năm học 2017 - 2018. Mã số SPD2017.01.15
|c Phan Thái Anh Thư (chủ nhiệm đề tài)
|a Khai thác các ứng dụng ghi âm để nâng cao kỹ năng nói cho sinh viên chuyên ngành tiếng Anh ở trường Đại học Đồng Tháp
|
| 260 |
# |
# |
|b Trường Đại học Đồng Tháp
|c 2019
|a Đồng Tháp
|
| 300 |
# |
# |
|a 76 tr. +phụ lục
|c 30 cm.
|
| 500 |
# |
# |
|a ĐTTS ghi: Bộ Giáo dục và Đào tạo. Trường Đại học Đồng Tháp
|
| 653 |
# |
# |
|a Ghi âm
|
| 653 |
# |
# |
|a Đại học Đồng Tháp
|
| 653 |
# |
# |
|a Kỹ năng nói
|
| 653 |
# |
# |
|a Nghiên cứu khoa học
|
| 653 |
# |
# |
|a Sinh viên chuyên ngành
|
| 653 |
# |
# |
|a Tiếng Anh
|
| 852 |
# |
# |
|j KH.0000201
|
| 910 |
# |
# |
|d 19/06/2018
|
| 980 |
# |
# |
|a Trung tâm Học liệu Lê Vũ Hùng, Trường Đại học Đồng Tháp
|